| 000 | 01110nam a22002537a 4500 | ||
|---|---|---|---|
| 005 | 20170124103121.0 | ||
| 010 | _aA-596279 | ||
| 020 | _c40.00 | ||
| 035 | _aA-596279 | ||
| 037 | _bCen Lib/Ret | ||
| 040 |
_aDPL _bHN |
||
| 082 |
_a361.954 _bशर्मावी |
||
| 100 |
_aशर्मा, वीरेंद्र प्रकाश _942583 |
||
| 245 |
_aभारतीय सामाजिक संस्थाएं / _cवीरेंद्र प्रकाश शर्मा |
||
| 246 |
_aBhartiya samajik sansthayen / _bby Vreenedra Prakash Sharma |
||
| 260 |
_aजयपुर _bपंचशील प्रकाशन _c1993 |
||
| 270 |
_bजयपुर _aफिल कॉलोनी _e302003 |
||
| 300 |
_avii,272पृ. _c20सेमी(सजिल्द ) |
||
| 650 |
_aसामाजिक संस्थाएं--भारत _x _z _981890 |
||
| 650 |
_aसंस्कृति--भारत _981891 |
||
| 650 |
_aSocial organizations - India _981892 |
||
| 650 |
_aCulture - India _978280 |
||
| 942 |
_2ddc _cHN _h361.954 _mशर्मावी |
||
| 999 |
_c118785 _d118785 |
||